00616nam a2200181 4500003000900000020002200009040002800031082001900059245003600078260003500114300002800149490002400177500003900201650003900240942001200279999001700291952012600308CO-ViMGA a978-987-1456-00-0 aCO-ViMGAbspacCO-ViMGA04aI635.9092bOf310aCuando crezca será jardinero  aChina :bCuatro Media ,cc2008 a[10] p. :bil. ;e26 cm aLos oficios de Elmo apara niños de más de 36 meses.14aLibros ilustrados para niños987 2ddccBK c33582d33582 01102ddc41708008aMEVIECARbMEVIECARd2015-12-04l0oI635.9092 Of3p29383r2015-12-04 00:00:00tEj. 1w2015-12-04yBK